| 000 | 02281cam a2200529 a 4500 | ||
|---|---|---|---|
| 001 | 15886841 | ||
| 003 | OSt | ||
| 005 | 20150408114106.0 | ||
| 008 | 090831s2010 gw a b 001 0 eng c | ||
| 010 | _a 2009936050 | ||
| 015 |
_aGBA957608 _2bnb |
||
| 015 |
_a09,N31,0606 _2dnb |
||
| 016 | 7 |
_a015287327 _2Uk |
|
| 016 | 7 |
_a995338396 _2DE-101 |
|
| 020 | _a9783642008283 (alk. paper) | ||
| 020 | _a3642008283 (alk. paper) | ||
| 020 | _z9783642008290 (e-ISBN) | ||
| 020 | _z3642008291 (e-ISBN) | ||
| 028 | 5 | 2 | _a12532797 |
| 035 | _a(OCoLC)ocn390892874 | ||
| 040 |
_aUKM _cUKM _dC#P _dYDXCP _dBWX _dDEBBG _dBTCTA _dIQU _dOHX _dHEBIS _dDLC |
||
| 042 |
_aukblcatcopy _apcc |
||
| 050 | 0 | 0 |
_aQC793.46 _b.T38 2010 |
| 082 | 0 | 0 |
_a539.7 _223 _bTCE |
| 084 |
_a530 _2sdnb |
||
| 084 |
_aUN 6000 _2rvk |
||
| 100 | 1 |
_aTavernier, Stefaan. _918716 |
|
| 245 | 1 | 0 |
_aExperimental techniques in nuclear and particle physics / _cStefaan Tavernier. |
| 260 |
_aHeidelberg ; _aNew York : _bSpringer, _cc2010. |
||
| 300 |
_aix, 306 p. : _bill. (some col.) ; _c24 cm. |
||
| 504 | _aIncludes bibliographical references and index. | ||
| 505 | 0 | _aIntroduction -- Interactions of particles in matter -- Natural and man-made sources of radiation -- Detectors based on ionization in gases -- Detectors based on ionization in semiconductor materials -- Detectors based on scintillation -- Neutron detection -- Electronics for particle detectors. | |
| 650 | 0 |
_aNuclear physics _xTechnique. _918717 |
|
| 650 | 0 |
_aParticles (Nuclear physics) _xTechnique. _918718 |
|
| 650 | 0 |
_aNuclear counters. _95074 |
|
| 650 | 0 |
_aRadiation _xMeasurement. _95075 |
|
| 650 | 0 |
_aNuclear physics _xExperiments. _918719 |
|
| 650 | 0 |
_aParticles (Nuclear physics) _xExperiments. _918720 |
|
| 650 | 0 | 7 |
_aMesstechnik. _2swd _918721 |
| 650 | 0 | 7 |
_aKernphysik. _2swd _918722 |
| 650 | 0 | 7 |
_aElementarteilchenphysik. _2swd _918723 |
| 650 | 0 | 7 |
_aDetektor. _2swd _918724 |
| 856 |
_uhttp://bvbr.bib-bvb.de:8991/F?func=service&doc_library=BVB01&doc_number=017699284&line_number=0001&func_code=DB_RECORDS&service_type=MEDIA _zInhaltsverzeichnis |
||
| 906 |
_a7 _bcbc _cpccadap _d2 _encip _f20 _gy-gencatlg |
||
| 942 |
_2ddc _cDVD |
||
| 999 |
_c26551 _d261051 |
||